|
|
|
|
| LEADER |
01004cam a2200241 7i4500 |
| 001 |
0000096384 |
| 005 |
20140415090000.0 |
| 008 |
110810s2007 vau v eng |
| 090 |
0 |
0 |
|a TL 296
|b .F62 2007
|
| 245 |
0 |
0 |
|a Forklift case histories :
|b serious business.
|
| 246 |
0 |
0 |
|a Historias sobre montacargas.
|
| 260 |
0 |
0 |
|a Virginia Beach, VA:
|b Coastal Safety + Environmental,
|c 2007.
|
| 300 |
|
|
|a 1 videodisc (16 min.):
|b sd., col.;
|c 4 3/4 in..
|
| 500 |
0 |
0 |
|a On disc surface: FRK02-DVD-ESX-XX01
|
| 520 |
0 |
0 |
|a Presents reenactments of actual accidents which occured on or around forklifts and walkies.
|
| 538 |
0 |
0 |
|a DVD
|
| 546 |
0 |
0 |
|a Provides presentations in English and Spanish
|
| 590 |
|
|
|a Pusat Pengajian Kejuruteraan Kelautan
|
| 650 |
0 |
0 |
|a Industrial accidents --
|x Case studies
|
| 650 |
0 |
0 |
|a Forklift trucks --
|x Safety measures
|
| 650 |
0 |
0 |
|a Industrial safety
|
| 710 |
2 |
1 |
|a Coastal Training Technologies Corp.
|
| 999 |
|
|
|a 1100083199
|b Digital Video Disc
|c Bahan Sumber Media
|e BILIK BAHAN SUMBER MEDIA
|